[Event "Gatineau LEO-B"]
[Site "Gatineau"]
[Date "2012.05.08"]
[Round "5"]
[White "Berthiaume, Serge"]
[Black "Menard, Marc"]
[Result "1-0"]
[WhiteElo "1387"]
[BlackElo "1454"]
[PlyCount "103"]
[EventDate "2012.04.10"]
[EventType "swiss"]
[EventRounds "6"]
[EventCountry "CAN"]
[SourceTitle "EXT 2013"]
[Source "ChessBase"]
[SourceDate "2012.11.22"]
[SourceVersion "1"]
[SourceVersionDate "2012.11.22"]
[SourceQuality "1"]

1. d4 Nf6 2. c4 e5 3. dxe5 Ng4 4. Nf3 Nc6 5. Qd5 Bb4+ 6. Nc3 Bxc3+ 7. bxc3 Qe7 8. Bf4 f6 9. exf6 Nxf6 10. Qg5 d6 11. e3 0-0 12. Nd4 Ne4 13. Qxe7 Nxe7 14. Nb5 Bf5 15. Nxc7 Rac8 16. Nb5 Bg6 17. Nxd6 Rc6 18. Nxe4 Bxe4 19. 0-0-0 Ng6 20. Bg3 b5 21. f3 Bf5 22. Rd6 Rfc8 23. Rxc6 Rxc6 24. Be2 Be6 25. Rd1 Bxc4 26. Rd8+ Kf7 27. Bxc4+ Rxc4 28. Kb2 b4 29. Rd7+ Ke6 30. Rxa7 Rxc3 31. e4 Rd3 32. Rc7 Rd2+ 33. Rc2 Rd3 34. Be1 Rd4 35. Kb3 Ne5 36. Bxb4 Kd7 37. Rd2 Rd3+ 38. Rxd3+ Nxd3 39. a4 Nf4 40. g3 Ne6 41. a5 Nd4+ 42. Kc4 Nxf3 43. Kd5 Ng5 44. Bd6 Nxe4 45. Kxe4 Kxd6 46. a6 Kc6 47. Ke5 Kb6 48. Ke6 Kxa6 49. Kf7 Kb6 50. Kxg7 Kc6 51. Kxh7 Kd6 52. Kg6 1-0

[Event "Gatineau Maisonneuve Memorial"]
[Site "Gatineau"]
[Date "2011.11.01"]
[Round "2"]
[White "Menard, Marc"]
[Black "Morones, Oliver"]
[Result "1-0"]
[WhiteElo "1478"]
[BlackElo "1222"]
[PlyCount "93"]
[EventDate "2011.10.25"]
[EventType "swiss"]
[EventRounds "4"]
[EventCountry "CAN"]
[SourceTitle "EXT 2022"]
[Source "ChessBase"]
[SourceDate "2021.10.06"]
[SourceVersion "1"]
[SourceVersionDate "2021.10.06"]
[SourceQuality "1"]

1. e4 d6 2. d4 e6 3. Nf3 h6 4. Bc4 a6 5. 0-0 g5 6. Nc3 g4 7. Ne1 h5 8. g3 Be7 9. Ng2 c6 10. f4 b5 11. Bb3 Nd7 12. f5 e5 13. Be3 Bf6 14. a4 b4 15. Ne2 h4 16. gxh4 Bxh4 17. Bf2 Bg5 18. c3 Qf6 19. cxb4 Qh6 20. Bg3 Ngf6 21. Nc3 Bb7 22. b5 axb5 23. axb5 Rxa1 24. Qxa1 Be3+ 25. Nxe3 Qxe3+ 26. Bf2 Qh3 27. Bg3 c5 28. d5 Ke7 29. Qa7 Rb8 30. b6 Qh8 31. Ba4 Qc8 32. Qa5 Ra8 33. Qb5 Nb8 34. Rc1 Nfd7 35. Bh4+ f6 36. Be1 Ra6 37. Qe2 Qg8 38. Qg2 Rxb6 39. h3 Qg5 40. Bd2 Rxb2 41. Bxg5 Rxg2+ 42. Kxg2 fxg5 43. hxg4 Nb6 44. Rb1 Nxa4 45. Rxb7+ Nd7 46. Nxa4 c4 47. Nb6 1-0